Catálogo
 En Linea

Nuevos parasitismos, addenda al catálogo de parasitos de República Dominicana ll / (Registro nro. 31209)

Detalles MARC
000 -CABECERA
campo de control de longitud fija 00794nam a2200193 a 4500
001 - NÚMERO DE CONTROL
campo de control 000031717
005 - FECHA Y HORA DE LA ÚLTIMA TRANSACCIÓN
campo de control 20200930063128.0
008 - DATOS DE LONGITUD FIJA--INFORMACIÓN GENERAL
campo de control de longitud fija 110630s1983 dr 000 0 spa d
040 ## - FUENTE DE LA CATALOGACIÓN
Centro catalogador/agencia de origen DO-SdBNP
Lengua de catalogación spa
Centro/agencia transcriptor BNPHU
082 ## - NÚMERO DE LA CLASIFICACIÓN DECIMAL DEWEY
Número de clasificación xxxx
Número de documento/Ítem A815
100 1# - ENTRADA PRINCIPAL--NOMBRE DE PERSONA
Nombre de persona Ascuasiati de Alfau, Carmen
9 (RLIN) 25870
245 10 - MENCIÓN DE TÍTULO
Título Nuevos parasitismos, addenda al catálogo de parasitos de República Dominicana ll /
Mención de responsabilidad, etc. Carmen Ascuasiati de Alfau, Carmen Paredes de Mejía, Aracelis Germán de Pérez.
260 ## - PUBLICACIÓN, DISTRIBUCIÓN, ETC.
Lugar de publicación, distribución, etc. Santo domingo :
Nombre del editor, distribuidor, etc. Universidad Autónoma de Santo Domingo, Departamento de Microbiología y Parasitología,
Fecha de publicación, distribución, etc. 1983.
300 ## - DESCRIPCIÓN FÍSICA
Extensión 14 p.. ;
Dimensiones 21 cm.
490 1# - MENCIÓN DE SERIE
Mención de serie Parasitología
Designación de volumen o secuencia 5
700 1# - PUNTO DE ACCESO ADICIONAL--NOMBRE DE PERSONA
Nombre de persona Paredes de Mejía, Carmen
9 (RLIN) 25874
700 1# - PUNTO DE ACCESO ADICIONAL--NOMBRE DE PERSONA
Nombre de persona German de Pérez, Aracelis
9 (RLIN) 57118
830 #0 - PUNTO DE ACCESO ADICIONAL DE SERIE-TÍTULO UNIFORME
Título uniforme Parasitología
Designación de volumen o secuencia 5
9 (RLIN) 57981
Existencias
Estado de retiro Estado de pérdida No para préstamo Código de colección Localización permanente Ubicación/localización actual Ubicación en estantería Fecha de adquisición Número de inventario Total de préstamos Signatura topográfica completa Código de barras Fecha visto por última vez Precio válido a partir de Tipo de ítem Koha
    Excluido de préstamo Patrimonio Dominicano Patrimonio Dominicano Patrimonio Dominicano En catalogación 30.06.2011 LF1   xxxx A815 31717-10 25.06.2020 25.06.2020 Libro y Folleto Colección Patrimonio Dominicano

Con tecnología Koha